000 00655nam0a22002531 4500
001 RU\NLR\INFOCOMM16\ROSSICA\1000471184
005 20250613185452.0
035 _a(NLR Aleph) 009887893
090 _a10504741
_c10504741
100 _a20030724d1916 |||y0rusy50 ca
101 0 _apol
102 _aRU
105 _ay ||||000ay
200 1 _aPrawda o Piśmie św.czyli Biblji
_fBortkiewicz, St.
210 _aPiotrogród
_d1916
215 _d
700 1 _aBortkiewicz
_bS.
_gSt.
_4070
801 1 _aRU
_bInfoComm
_c20030724
801 0 _aRU
_bNLR
_gPSBO
852 _aNLR
_j30.3.10.85
942 _cBOOK
980 _aNB
980 _aRossica